Quizzes
Events
Quiz Creation
Community
Videos
Private Events
Remove Ads
Sign In
Join for FREE
Feedback
Dark Mode
Quiz Categories
Sports
Geography
Music
Movies
Television
Just For Fun
Miscellaneous
History
Literature
Language
Science
Gaming
Entertainment
Religion
Holiday
For Kids
Quiz Lab
Recent
Popular Today
Quiz Kudos Today
Editor Picks
Curator Picks
Quizzes by...
Day
Popularity
Type
Ratings
Length
Year
Community
Subscriptions
Recent Discussions
Orange Saloon
Badges
Playlists
Quests
Create
Leaderboards
Showdown
Live 5
Trivia Bingo
Activity
Puzzle Library
Sporcle Events
Private Events
Virtual Trivia
Globe League
Become a Host
Pub Owners
SporcleCon
Opinionation
Our Games
Videos
Blog
Mobile Apps
Partnerships
Remove Ads and Go Orange
Feedback
Entertainment
Celebrity
Famous
Musical
Broadway
Show
Quote
Comic Books
Anime
Superhero
DC Comics
Marvel
Cartoons
Animation
Entertainment
Celebrity
Famous
Musical
Broadway
Show
Quote
Comic Books
Anime
Superhero
DC Comics
Marvel
Cartoons
Animation
Random Quiz
Search Sporcle
×
Quiz Lab
Quiz Lab
Entertainment
Actor
Type in answers that appear in a list
Type in answers that appear in a list
Classic
Best Score? Go Orange.
Marvel Supervillain Foursomes Stats
Can you name the actors playing the Marvel supervillains?
By
zarquon5
10m
72 Questions
350 Plays
350 Plays
350 Plays
Comments
Comments
Give Quiz Kudos
Give Quiz Kudos
-
- Ratings
hide this ad
More Info
Replay
Link that replays current quiz
Next Quiz
Link to next quiz in quiz playlist
You Got
0%
They Got
Avg Score
77%
Avg Friend Score
Upgrade to see
Score Distribution
Jump to the score distribution portion of the page
Score
0/72
Timer
10:00
0
Plays Today
% Correct
Green Goblin (Spider-Man)
92.6%
Green Goblin (Spider-Man)
92.6%
Green Goblin (Spider-Man)
92.6%
Green Goblin (Spider-Man)
92.6%
Dark Phoenix (X-Men: The Last Stand)
90%
Dark Phoenix (X-Men: The Last Stand)
90%
Dark Phoenix (X-Men: The Last Stand)
90%
Dark Phoenix (X-Men: The Last Stand)
90%
Magneto (X-Men)
88.6%
Deadpool (X-Men Origins: Wolverine
88.6%
Magneto (X-Men)
88.6%
Deadpool (X-Men Origins: Wolverine
88.6%
Magneto (X-Men)
88.6%
Deadpool (X-Men Origins: Wolverine
88.6%
Magneto (X-Men)
88.6%
Deadpool (X-Men Origins: Wolverine
88.6%
Venom (Spider-Man 3)
87.4%
Venom (Spider-Man 3)
87.4%
Venom (Spider-Man 3)
87.4%
Venom (Spider-Man 3)
87.4%
Dr. Octopus (Spider-Man 2)
85.1%
Dr. Octopus (Spider-Man 2)
85.1%
Dr. Octopus (Spider-Man 2)
85.1%
Dr. Octopus (Spider-Man 2)
85.1%
Iron Monger (Iron Man)
84.6%
Whiplash (Iron Man 2)
84.6%
Iron Monger (Iron Man)
84.6%
Whiplash (Iron Man 2)
84.6%
Whiplash (Iron Man 2)
84.6%
Iron Monger (Iron Man)
84.6%
Iron Monger (Iron Man)
84.6%
Whiplash (Iron Man 2)
84.6%
Mystique (X-Men)
82.9%
Mystique (X-Men)
82.9%
Mystique (X-Men)
82.9%
Mystique (X-Men)
82.9%
% Correct
Sabretooth (X-Men Origins: Wolverine)
80.9%
Sabretooth (X-Men Origins: Wolverine)
80.9%
Sabretooth (X-Men Origins: Wolverine)
80.9%
Sabretooth (X-Men Origins: Wolverine)
80.9%
Lady Deathstrike (X2)
73.7%
Lady Deathstrike (X2)
73.7%
Lady Deathstrike (X2)
73.7%
Lady Deathstrike (X2)
73.7%
Dr. Doom (Fantastic Four)
70.9%
Dr. Doom (Fantastic Four)
70.9%
Dr. Doom (Fantastic Four)
70.9%
Dr. Doom (Fantastic Four)
70.9%
Juggernaut (X-Men: The Last Stand)
69.7%
Juggernaut (X-Men: The Last Stand)
69.7%
Juggernaut (X-Men: The Last Stand)
69.7%
Juggernaut (X-Men: The Last Stand)
69.7%
Abomination (The Incredible Hulk)
68.6%
Abomination (The Incredible Hulk)
68.6%
Abomination (The Incredible Hulk)
68.6%
Abomination (The Incredible Hulk)
68.6%
Bullseye (Daredevil)
65.1%
Bullseye (Daredevil)
65.1%
Bullseye (Daredevil)
65.1%
Bullseye (Daredevil)
65.1%
Toad (X-Men)
61.7%
Toad (X-Men)
61.7%
Toad (X-Men)
61.7%
Toad (X-Men)
61.7%
Pyro (X2)
58%
Multiple Man (X-Men: The Last Stand)
58%
Multiple Man (X-Men: The Last Stand)
58%
Pyro (X2)
58%
Multiple Man (X-Men: The Last Stand)
58%
Pyro (X2)
58%
Pyro (X2)
58%
Multiple Man (X-Men: The Last Stand)
58%
Quiz Playlist
Details
Report
Send in Message
Add To Playlist
More Info:
Enter the first and last name of the actor followed by the first and last name of the character they played.
Classic:
Type in answers that appear in a list
Last Updated: Feb 16, 2017
Quiz Scoreboard
CHALLENGE
Sign Up to Join the Scoreboard
Show All
Scores
Hide
Comments
May contain spoilers
Recently Published
An Introduction to Baseball
by treessimontrees
Sports
5m
Movies - When Are They Set?
by FPL_Elf
Movies
5m
Popular People in 1961
by mucciniale
History
6m
More to Explore
Quiz From the Vault
Featured Blog Post
Where Did the Easter Bunny Come From?
hide this ad
You Might Also Like...
Tags
Actor Quiz
Marvel Quiz
foursome
Supervillain
Today's Top Quizzes in Entertainment
Browse Entertainment
hide this ad
Today's Top Quizzes in Actor
Browse Actor
Top Contributed Quizzes in Entertainment
1
Kamen Rider Motifs
2
Dragon Ball Z: Goku's Fights in Order
3
Dragon Ball Z: Mega Character Search
4
Marvel Characters Bunker
5
Criteria Quickie: Cartoon Taxonomy II
6
One Piece Arcs By Order III
7
Fictional Villains Letter U Blitz
8
Ana Gasteyer or Kathryn Hahn?
9
One Thing in Common: Fictional Characters
10
Dragon Ball Z: Super Saiyans in Order
Explore More
Trending Topics
Crossword
Kpop
Anime
Marvel
NBA
Harry Potter
Disney
Song
Country
WWE
Puzzle
NFL
Pokémon
The Office
Soccer
hide this ad
More By:
zarquon5
Quiz
Plays
Rating
Category
Featured
Created
Marvel Superhero Foursomes
694
2.40
Entertainment
Aug 6, 2010
Marvel Supervillain Foursomes
350
3.67
Entertainment
Aug 7, 2010
DC Superhero Foursomes
251
3.50
Entertainment
Aug 6, 2010
DC Supervillain Foursomes
211
3.50
Entertainment
Aug 7, 2010
Go to Creator's Profile
Score Distribution
Quiz Creator Spotlight
zarquon5
Follow
Send a Message
Quizzes Created
-
Created Quiz Play Count
-
More By This Creator
Popular Quizzes Today
1
Find the Countries of Europe - No Outlines Minefield
2
Find the US States - No Outlines Minefield
3
The Countries of the World
4
Popular People in 1961
5
US States
6
Find the US States
7
1-10 Letter E Words III
8
Risky Map Clicking: Biggest States A-Z
More Entertainment Quizzes
Born in... 1985
Published
Trending Quizzes
Risky Map Clicking: Least Populous States A-Z
1-10 Letter F Words
1-10 Letter G Words
One Thing in Common: United Kingdom
Risky Map Clicking: Next State Alphabetically
Recently Updated
Leaping Animals
pecheneg
Reality TV Shows (A-Z)
bhenderson79
Rickey Henderson's Hall of Fame Teammates
pecheneg
Champions League XIs: Arsenal
pecheneg
Quick Pick: Celebrities in WWE's Hall of Fame
aduchscher
A-Z Keypad Blitz II
pecheneg
Multiple Oscar Actors
pecheneg
Mystery Phrase Blitz: Oscar 'Best Actors'
pecheneg
F. Scott Fitzgerald Novels
LTH
Pick 3 Villains
ddd62291
Trending Topics
Crossword
Disney
Kpop
NBA
Anime
Harry Potter
Marvel
Puzzle
Country
WWE
Pokémon
Soccer
Song
The Office
NFL
Your Account Isn't Verified!
In order to create a playlist on Sporcle, you need to verify the email address you used during registration. Go to your
Sporcle Settings
to finish the process.
Report this User
Report this user for behavior that violates our
Community Guidelines
.
Details:
Send Report
Go to the Sporcle.com Mobile Site →
Comments